02411nam a2200373 a 4500001001000000003000900010005001700019008002800036040002600064082002800090245007200118260006100190300002100251500007400272505086300346518015701209590002601366650006701392650006401459650002201523650003601545650005101581700002801632700001901660700002901679700003501708700003901743700003801782700001901820910002301839942001201862952014601874999001702020000007387DO-SdBNP20221202123557.0090908s1991 dr 000 e spa d aDO-SdBNPbspacBPMSU  a305.552bD286s 199122203aEl debate sobre las generaciones /cSoledad Álvarez … [et al.]. aSanto Domingo :bFundación Cultural Dominicana,c1991. a172 p. ;c20 cm. aIncluye referencias bibliográficas y notas al pie de las páginas.0 aCrítica y reclamos de una generación 9 -- La decadencia de la dominicanidad hacia una filosofía del dominicano/Manuel Núñez 13 -- El Peña Batlle sobre el cual no se escribe/Bernardo Vega 27 -- ¿Dónde está la crisis de la dominicanidad?/Raymundo González 31 -- Sobre las generaciones perdidas/José Israel Cuello H 37 -- Haití y los intelectuales dominicanos/Andrés L. Mateo 45 -- El Peña Batlle sobre el cual no se escribe/Luis S. Peguero Moscoso 49 -- Bernardo que si; José que no/Consuelo Despradel 59 -- En busca de una generación/Faustino Collado 63 -- Peña Batlle y su marco histórico/Juan Daniel Balcácer 67 -- Comparando agendas generacionales/Bernardo Vega 81 -- Algo más sobre las generaciones o la terquedad como memoria del fuego/Chiqui Vicioso 89 -- Sobre pérdida de generaciones/José Israel Cuello H. 93 aDebate: sobre el tema "Las generaciones" realizado en la Universidad Tecnológica de Santo Domingo (INTEC), entre diciembre de 1987 y febrero de 1988 6Inventariado, 2022/VM 4aIntelectualesxAspectos socialesvEnsayos, conferencias, etc.  4aConflicto entre generaciones.xEnsayos, conferencias, etc.  4aCambios sociales  4aRelaciones intergeneracionales. 4aVida intelectualvEnsayos, conferencias, etc. 1 aBalcácer, Juan Daniel1 aBrea, Ramonina1 aCollado, Faustinod1954-1 aCéspedes, Diógenes,d1941-1 aCollado Taveras, Faustino, d1954-z aTaveras, Faustino Collado,d1954-z aCéspedes, D. aVMateo V./Validado 2ddccBK 00102ddc40708CDaBPMETbBPMETd2022-12-02eFamilia Reyes Dulucl0oBPMSU CD 305.552 D286s 1991pBPMSU22120002r2022-12-02w2022-12-02yBK c14355d14355